Electromagnetic compatibility engineering / (Record no. 60539)

000 -LEADER
fixed length control field 01782cam a2200373 a 4500
001 - CONTROL NUMBER
control field 15624444
003 - CONTROL NUMBER IDENTIFIER
control field NUST-PNEC
005 - DATE AND TIME OF LATEST TRANSACTION
control field 20170116180700.0
008 - FIXED-LENGTH DATA ELEMENTS--GENERAL INFORMATION
fixed length control field 090213s2009 njua b 001 0 eng
010 ## - LIBRARY OF CONGRESS CONTROL NUMBER
LC control number 2009006814
020 ## - INTERNATIONAL STANDARD BOOK NUMBER
International Standard Book Number 9780470189306
020 ## - INTERNATIONAL STANDARD BOOK NUMBER
International Standard Book Number 0470189304
035 ## - SYSTEM CONTROL NUMBER
System control number (OCoLC)ocn301885689
040 ## - CATALOGING SOURCE
Original cataloging agency DLC
Transcribing agency PNEC
Modifying agency BTCTA
-- YDXCP
-- C#P
-- BWX
-- CDX
-- TTU
-- DEBBG
-- VP@
-- DLC
050 00 - LIBRARY OF CONGRESS CALL NUMBER
Classification number TK7867.5
Item number .O867 2009
082 00 - DEWEY DECIMAL CLASSIFICATION NUMBER
Classification number 621.382 OTT
Edition number 22
084 ## - OTHER CLASSIFICATION NUMBER
Classification number ELT 242f
Number source stub
084 ## - OTHER CLASSIFICATION NUMBER
Classification number ZN 4050
Number source rvk
100 1# - MAIN ENTRY--PERSONAL NAME
Personal name Ott, Henry W.,
Dates associated with a name 1936-
245 10 - TITLE STATEMENT
Title Electromagnetic compatibility engineering /
Statement of responsibility, etc. Henry W. Ott.
260 ## - PUBLICATION, DISTRIBUTION, ETC.
Place of publication, distribution, etc. Hoboken, N.J. :
Name of publisher, distributor, etc. John Wiley & Sons,
Date of publication, distribution, etc. c2009.
300 ## - PHYSICAL DESCRIPTION
Extent xxv, 843 p. :
Other physical details ill. ;
Dimensions 25 cm.
500 ## - GENERAL NOTE
General note Earlier ed. published under title: Noise reduction techniques in electronic systems, c1988. http://www.amazon.com/Electromagnetic-Compatibility-Engineering-Henry-Ott/dp/0470189304/ref=sr_1_1?ie=UTF8&qid=1410172791&sr=8-1&keywords=9780470189306
504 ## - BIBLIOGRAPHY, ETC. NOTE
Bibliography, etc. note Includes bibliographical references and index.
650 #0 - SUBJECT ADDED ENTRY--TOPICAL TERM
Topical term or geographic name entry element Electronic circuits
General subdivision Noise.
650 #0 - SUBJECT ADDED ENTRY--TOPICAL TERM
Topical term or geographic name entry element Electromagnetic compatibility.
General subdivision EL
700 1# - ADDED ENTRY--PERSONAL NAME
Personal name Ott, Henry W.,
Dates associated with a name 1936-
Title of a work Noise reduction techniques in electronic systems.
856 42 - ELECTRONIC LOCATION AND ACCESS
Materials specified Publisher description
Uniform Resource Identifier <a href="http://www.loc.gov/catdir/enhancements/fy0906/2009006814-d.html">http://www.loc.gov/catdir/enhancements/fy0906/2009006814-d.html</a>
856 42 - ELECTRONIC LOCATION AND ACCESS
Materials specified Contributor biographical information
Uniform Resource Identifier <a href="http://www.loc.gov/catdir/enhancements/fy0913/2009006814-b.html">http://www.loc.gov/catdir/enhancements/fy0913/2009006814-b.html</a>
856 41 - ELECTRONIC LOCATION AND ACCESS
Materials specified Table of contents only
Uniform Resource Identifier <a href="http://www.loc.gov/catdir/enhancements/fy0917/2009006814-t.html">http://www.loc.gov/catdir/enhancements/fy0917/2009006814-t.html</a>
906 ## - LOCAL DATA ELEMENT F, LDF (RLIN)
a 7
b cbc
c orignew
d 1
e ecip
f 20
g y-gencatlg
942 ## - ADDED ENTRY ELEMENTS (KOHA)
Source of classification or shelving scheme
Koha item type Book
Holdings
Withdrawn status Lost status Source of classification or shelving scheme Damaged status Not for loan Permanent Location Current Location Date acquired Source of acquisition Cost, normal purchase price Total Checkouts Full call number Barcode Date last seen Cost, replacement price Price effective from Koha item type
          Pakistan Navy Engineering College (PNEC) Pakistan Navy Engineering College (PNEC) 04/16/2011 Paramount 12249.60   621.382 OTT PNECLIB-030138 09/08/2014 12249.60 04/16/2011 Book
© 2023 Central Library, National University of Sciences and Technology. All Rights Reserved.